Español con fines académicos: de la comprensión a la producción de textos
Tallennettuna:
| Päätekijä: | |
|---|---|
| Aineistotyyppi: | Kirja |
| Kieli: | espanja |
| Julkaistu: |
Madrid, España
Edinumen
2005
|
| Aiheet: | |
| Tagit: |
Lisää tagi
Ei tageja, Lisää ensimmäinen tagi!
|
MARC
| LEADER | 00000cam a2200000 a 4500 | ||
|---|---|---|---|
| 001 | UCJ2174 | ||
| 003 | CL-VaPUC | ||
| 005 | 20231207165526.0 | ||
| 008 | 061201e20050000SP |||||||||||||||||spa|d | ||
| 999 | |c 318524 |d 318522 | ||
| 020 | |a 8495986639 | ||
| 040 | |c Pontificia Universidad Católica de Valparaíso | ||
| 082 | 0 | 4 | |a 808.02 VAZ 2005 |2 21 |
| 100 | 0 | |a Vázquez, Graciela |e author |9 503080 | |
| 245 | 1 | 0 | |a Español con fines académicos: de la comprensión a la producción de textos |
| 260 | |a Madrid, España |b Edinumen |c 2005 | ||
| 300 | |a 230 páginas | ||
| 583 | |a last modification |c 20191010 10:57:47 |k Rodrigo Vera | ||
| 650 | 0 | |a Retórica |9 266620 | |
| 650 | 0 | |a Monografías |9 352449 | |
| 650 | 0 | |a Discursos académicos |9 472395 | |
| 650 | 0 | |a Recursos lingüísticos |9 472396 | |
| 650 | 7 | |a REDACCION DE INFORMES |2 CL-VaPUC |9 503081 | |
| 650 | 7 | |a PRESENTACION DE DATOS |2 CL-VaPUC |9 338278 | |
| 852 | |a BIBCUR | ||
| 942 | |c BK |2 ddc | ||
| 945 | |d 20061201 00:00:00 |a cmena | ||
| 952 | |0 0 |1 0 |4 0 |6 808_020000000000000_VAZ_2005 |7 0 |8 A |9 396359 |a FDOPOS |b FDOPOS |d 2019-11-22 |i 4303563 |o 808.02 VAZ 2005 |p 4303563 |r 2025-01-22 |w 2019-11-22 |y BK |k MLA | ||
| 952 | |0 0 |1 0 |2 ddc |3 erb |4 0 |6 808_020000000000000_VAZ_2005 |7 0 |8 A |9 396360 |a BIBEDU |b BIBEDU |d 2019-11-22 |i 5562961 |o 808.02 VAZ 2005 |p 5562961 |r 2019-11-22 |w 2019-11-22 |y BK |z Catalogado en:20191018 |k LIT | ||